Bogdanovich filmography - Statistics

General Stats
  • This quiz has been taken 16 times
  • The average score is 14 of 20
Answer Stats
Hint Answer % Correct
1985 Mask
100%
1976 Nickelodeon
100%
1973 Paper Moon
100%
1968 Targets
100%
1990 Texasville
100%
1971 The Last Picture Show
100%
1981 They All Laughed
100%
1972 What's Up, Doc?
100%
1971 Directed by John Ford
67%
1992 Noises Off...
67%
1979 Saint Jack
67%
2001 The Cat's Meow
67%
2018 The Great Buster
67%
1993 The Thing Called Love
67%
1968 Voyage to the Planet of Prehistoric Women
67%
1975 At Long Last Love
33%
1974 Daisy Miller
33%
1988 Illegally Yours
33%
2014 She's Funny That Way
33%
2007 Tom Petty and the Heartbreakers: Runnin' Down a Dream
33%
No matching quizzes found
Score Distribution
Percent of People with Each Score
Percentile by Number Answered
Your Score History
You have not taken this quiz